Economía internacional : (Registro nro. 5802)
[ vista simple ]
| 000 -LEADER | |
|---|---|
| fixed length control field | 01315nam a2200265Ia 4500 |
| 003 - CONTROL NUMBER IDENTIFIER | |
| control field | OSt |
| 005 - DATE AND TIME OF LATEST TRANSACTION | |
| control field | 20201214175141.0 |
| 008 - FIXED-LENGTH DATA ELEMENTS--GENERAL INFORMATION | |
| fixed length control field | 191128s2012 sp ad fr 000 0 spa d |
| 020 ## - INTERNATIONAL STANDARD BOOK NUMBER | |
| International Standard Book Number | 9788483228173 |
| 040 ## - CATALOGING SOURCE | |
| Original cataloging agency | CO-JMCR |
| Transcribing agency | CO-JMCR |
| 041 1# - LANGUAGE CODE | |
| Language code of text/sound track or separate title | spa |
| Language code of original | eng |
| 082 04 - DEWEY DECIMAL CLASSIFICATION NUMBER | |
| Classification number | 337.1 / |
| Item number | K783e |
| Edition number | 23 |
| 100 1# - MAIN ENTRY--PERSONAL NAME | |
| Personal name | Krugman, Paul, |
| Relator term | autor |
| 9 (RLIN) | 825 |
| 245 10 - TITLE STATEMENT | |
| Title | Economía internacional : |
| Remainder of title | teoría y política / |
| Statement of responsibility, etc. | Paul R. Krugman, Maurice Obstfeld y Marc J. Melitz ; Traducción de Yago Moreno López |
| 250 ## - EDITION STATEMENT | |
| Edition statement | 9a. edición |
| 260 ## - PUBLICATION, DISTRIBUTION, ETC. | |
| Place of publication, distribution, etc. | Madrid : |
| Name of publisher, distributor, etc. | Pearson Educación, |
| Date of publication, distribution, etc. | 2012 |
| 300 ## - PHYSICAL DESCRIPTION | |
| Extent | xxx, 721 páginas : |
| Other physical details | gráficos a blanco y negro ; |
| Dimensions | 23 cm. |
| 505 0# - FORMATTED CONTENTS NOTE | |
| Formatted contents note | Teoría del comercio internacional -- Política comercial internacional -- Tipos de cambio y macroeconomía de una economía abierta -- La política macroeconómica internacional |
| 520 3# - SUMMARY, ETC. | |
| Summary, etc. | El estudio de comercio y de las finanzas internacionales han sido siempre una parte especialmente activa y polémica de la economía. La mayoría de las reflexiones clave del análisis económico moderno proviene de los debates sobre comercio internacional |
| 650 14 - SUBJECT ADDED ENTRY--TOPICAL TERM | |
| Topical term or geographic name entry element | Economía en general |
| 9 (RLIN) | 7038 |
| 700 1# - ADDED ENTRY--PERSONAL NAME | |
| Personal name | Obstfeld, Maurice, |
| Relator term | autor |
| 9 (RLIN) | 7039 |
| 700 1# - ADDED ENTRY--PERSONAL NAME | |
| Personal name | Melitz, Marc J., |
| Relator term | autor |
| 9 (RLIN) | 7040 |
| 700 1# - ADDED ENTRY--PERSONAL NAME | |
| Personal name | Moreno López, Yago, |
| Relator term | autor |
| 9 (RLIN) | 7041 |
| 942 ## - ADDED ENTRY ELEMENTS (KOHA) | |
| Source of classification or shelving scheme | Dewey Decimal Classification |
| Koha item type | Books |
| Withdrawn status | Lost status | Source of classification or shelving scheme | Damaged status | Not for loan | Collection code | Home library | Current library | Date acquired | Source of acquisition | Total Checkouts | Full call number | Barcode | Date last seen | Date last checked out | Copy number | Koha item type |
|---|---|---|---|---|---|---|---|---|---|---|---|---|---|---|---|---|
| Dewey Decimal Classification | Non-fiction | Biblioteca Pública José María del Castillo y Rada | Biblioteca Pública José María del Castillo y Rada | 04/15/2018 | Donación | 2 | 337.1 / K783e | 430004443 | 05/16/2024 | 04/15/2024 | Ej.1 | Books |